| 000 | 00000nam 2200000zi 4500 |
| 001 | 9.947207 |
| 003 | CaOODSP |
| 005 | 20250121131217 |
| 006 | m go d f |
| 007 | cr |n||||||||| |
| 008 | 250121e198812 onc ob f000 0 eng d |
| 040 | |aCaOODSP|beng|erda|cCaOODSP |
| 043 | |an-cn--- |
| 086 | 1 |aCo24-3/12-2-1988E-PDF |
| 245 | 00|aEvaluation study : |bGovernment Telecommunications Agency. |
| 246 | 37|aEvaluation report : |bGovernment Telecommunications Agency |
| 264 | 1|a[Ottawa] : |bGovernment of Canada, Department of Communications = Gouvernement du Canada, Ministère des Communications, |cDecember 1988. |
| 300 | |a1 online resource (24 pages, 3 unnumbered pages) |
| 336 | |atext|btxt|2rdacontent |
| 337 | |acomputer|bc|2rdamedia |
| 338 | |aonline resource|bcr|2rdacarrier |
| 490 | 1 |aEvaluation report = Rapport d'évaluation ; |v[2] |
| 500 | |aDigitized copy from print [produced by Innovation, Science and Economic Development Canada]. |
| 500 | |a"DOC program evaluation series." |
| 504 | |aIncludes bibliographical reference. |
| 610 | 10|aCanada. |bGovernment Telecommunications Agency|xEvaluation. |
| 610 | 16|aCanada. |bAgence des télécommunications gouvernementales|xÉvaluation. |
| 710 | 1 |aCanada. |bDepartment of Communications, |eissuing body. |
| 830 | #0|aEvaluation report = Rapport d'évaluation ;|v[2]|w(CaOODSP)9.947045 |
| 856 | 40|qPDF|s722 KB|uhttps://publications.gc.ca/collections/collection_2025/isde-ised/co24/Co24-3-12-2-1988-eng.pdf |